Statistiques concernant Dimanche

Cliquez ici pour prendre le quiz!

Statistiques générales

  • Ce quiz a été pris 60 fois
  • Le résultat moyen est 4 sur 9

Statistiques - réponses

QuestionsRéponses% Correct
Traditionnellement le dimanche est considéré comme le _______ jour de la semaine.Premier
95%
Le nom dimanche vient du latin dies Dominicus ce qui signifie « jour du _______ »Seigneur
69%
Sunday Bloody Sunday, titre d'un morceau du groupe __, relatant, en 1982, les évènements du Bloody Sunday en Irlande du Nord.U2
57%
Le 22 janvier 1905 est appelé « Dimanche ________ » (ou « Dimanche rouge ») à Saint-Pétersbourg. C'est le début de la révolution russe de 1905.Sanglant
33%
Le dimanche est considéré comme le septième jour de la semaine par la numérotation ISO de ____ (année).1988
31%
Au _______-___, c'est illégal de tirer au gibier le dimanche, ni à la nuit.Royaume-Uni
24%
L'expression péjorative « .... du dimanche » désigne un _______, quelqu'un d'inexpérimenté ou pas sérieux.Amateur
19%
En Europe, le dimanche est considéré comme un jour de repos depuis le règne de l'empereur romain _________ Ier qui en a fait le « Jour du Soleil »Constantin
12%
Le Bloody Sunday (« Dimanche sanglant ») est une journée de violence à Dublin le 21 novembre ____, pendant la guerre d'indépendance irlandaise, qui fit près de 30 morts et environ 70 blessés.1920
10%

Distribution des résultats

Percentile par nombre de réponses

% des personnes avec chaque résultat

Votre développement - résultats

Vous n’avez pas pris ce quiz